000 00431nam a2200157Ia 4500
005 20250508154518.0
008 008 250505s9999 xx 000 0 eng d
037 _aBooks to be hide in OPAC
040 _aFEDL
_beng
_cFEDL
041 _aeng
_2eng
084 _a371.97, EDU/O
_qFEDL
245 0 _aEducation of tribals in Eastern India
300 _a166p
942 _cHB
_h371.97, EDU/O
999 _c1350685
_d1350685